[Event "Linares Anibal op 06th"]
[Site "Linares"]
[Date "1999.01.12"]
[Round "5"]
[White "Kunte, Abhijit"]
[Black "Genba, Vladimir"]
[Result "1/2-1/2"]
[WhiteElo "2505"]
[BlackElo "2450"]
[PlyCount "53"]
[EventDate "1999.01.??"]
[EventType "swiss"]
[EventRounds "10"]
[EventCountry "ESP"]
[SourceTitle "CBM 068 Extra"]
[Source "ChessBase"]
[SourceDate "1999.03.01"]
[SourceVersion "1"]
[SourceVersionDate "1999.03.01"]
[SourceQuality "1"]

1. e4 c6 2. d4 d5 3. exd5 cxd5 4. c4 Nf6 5. Nc3 e6 6. Nf3 Bb4 7. cxd5 Nxd5 8. Bd2 Nc6 9. Bd3 Nf6 10. 0-0 0-0 11. Bg5 Be7 12. a3 b6 13. Qe2 Bb7 14. Rad1 g6 15. Rfe1 a6 16. Bc4 Nd5 17. Bxd5 Bxg5 18. Be4 Bf6 19. d5 exd5 20. Bxd5 Qc7 21. Ne4 Bg7 22. Nd6 Nd4 23. Nxd4 Bxd5 24. N4f5 Bb3 25. Qe7 Qxe7 26. Nxe7+ Kh8 27. Rd3 1/2-1/2

[Event "RUS-ch sf"]
[Site "Pskov"]
[Date "1998.??.??"]
[Round "9"]
[White "Gaag, Evgeny"]
[Black "Genba, Vladimir"]
[Result "1/2-1/2"]
[WhiteElo "2370"]
[BlackElo "2445"]
[PlyCount "33"]
[EventDate "1998.??.??"]
[EventType "swiss"]
[EventRounds "11"]
[EventCountry "RUS"]
[SourceTitle "EXT 2000"]
[Source "ChessBase"]
[SourceDate "1999.11.16"]
[SourceVersion "1"]
[SourceVersionDate "1999.11.16"]
[SourceQuality "1"]

1. e4 d5 2. exd5 Nf6 3. d4 Nxd5 4. Nf3 g6 5. Be2 Bg7 6. 0-0 0-0 7. c4 Nb6 8. Nc3 Bg4 9. h3 Bxf3 10. Bxf3 c6 11. c5 Nd5 12. Qb3 Qd7 13. Nxd5 cxd5 14. Qxd5 Qxd5 15. Bxd5 Nc6 16. Bxc6 bxc6 17. Be3 1/2-1/2

[Event "RUS-Cup"]
[Site "Krasnoyarsk"]
[Date "1998.??.??"]
[Round "9"]
[White "Galkin, Alexander"]
[Black "Genba, Vladimir"]
[Result "0-1"]
[WhiteElo "2565"]
[BlackElo "2445"]
[PlyCount "74"]
[EventDate "1998.??.??"]
[EventType "swiss"]
[EventRounds "9"]
[EventCountry "RUS"]
[SourceTitle "EXT 2000"]
[Source "ChessBase"]
[SourceDate "1999.11.16"]
[SourceVersion "1"]
[SourceVersionDate "1999.11.16"]
[SourceQuality "1"]

1. e4 c5 2. Nf3 Nc6 3. d4 cxd4 4. Nxd4 Nf6 5. Nc3 d6 6. Be2 e5 7. Nf3 h6 8. 0-0 Be7 9. Re1 0-0 10. b3 a6 11. h3 Nb8 12. a4 Be6 13. Bb2 Nbd7 14. Qd2 Rc8 15. Nh2 Qc7 16. Nf1 Qc5 17. Bd3 Bd8 18. Na2 d5 19. exd5 Nxd5 20. c4 Ba5 21. Nc3 Nf4 22. Be4 Qb6 23. Bc2 Rfd8 24. Qe3 Qc7 25. Qg3 f6 26. Re3 Bb6 27. Ree1 Bd4 28. Rad1 Nf8 29. Bc1 g5 30. Ne2 Nh5 31. Qh2 Bc5 32. Nfg3 Nf4 33. Nxf4 exf4 34. Ne4 Bd4 35. h4 f5 36. Nd2 Re8 37. Rf1 g4 0-1

[Event "RUS-ch sf"]
[Site "Pskov"]
[Date "1998.??.??"]
[Round "8"]
[White "Genba, Vladimir"]
[Black "Bezgodov, Alexei"]
[Result "0-1"]
[WhiteElo "2445"]
[BlackElo "2520"]
[PlyCount "84"]
[EventDate "1998.??.??"]
[EventType "swiss"]
[EventRounds "11"]
[EventCountry "RUS"]
[SourceTitle "EXT 2000"]
[Source "ChessBase"]
[SourceDate "1999.11.16"]
[SourceVersion "1"]
[SourceVersionDate "1999.11.16"]
[SourceQuality "1"]

1. e4 e5 2. Nf3 Nc6 3. Bb5 a6 4. Ba4 Nf6 5. 0-0 Be7 6. d3 d6 7. c3 0-0 8. Re1 Bd7 9. Nbd2 Re8 10. Nf1 Bf8 11. Ng3 g6 12. h3 Bg7 13. d4 h6 14. a3 Nh7 15. Be3 Qe7 16. Qd2 h5 17. Bc2 Rf8 18. Bh6 Rae8 19. Rad1 Bc8 20. Ba4 b5 21. Bc2 Nd8 22. a4 Qf6 23. Bxg7 Kxg7 24. axb5 axb5 25. dxe5 dxe5 26. Qe3 Ne6 27. Ne2 Nhg5 28. Nxg5 Nxg5 29. Rd5 c6 30. Rd3 Rd8 31. Red1 Rxd3 32. Rxd3 Be6 33. Rd6 Ra8 34. Rxc6 Ra1+ 35. Kh2 Rf1 36. Ng3 Ra1 37. Nf5+ Kg8 38. h4 Nxe4 39. Nh6+ Kh7 40. Qxe4 Kxh6 41. Qe3+ Kh7 42. g3 Bd5 0-1